[Event "Int. Stuttgarter Stadtmeisterschaft A"]
[Site "Ditzingen"]
[Date "2016.05.05"]
[Round "1.1"]
[White "Ivanisevic, Ivan"]
[Black "Scholl, Martin"]
[Result "1-0"]
[WhiteElo "2646"]
[BlackElo "2053"]
[PlyCount "33"]
[EventDate "2016.??.??"]
[BlackTeam "TSV/RSK Esslingen"]

1. d4 d5 2. c4 e6 3. Nc3 Nf6 4. cxd5 exd5 5. Bg5 c6 6. e3 Be7 7. Bd3 Bg4 8. Qc2
Nbd7 9. h3 Bh5 10. f4 Ng8 11. Bxe7 Qxe7 12. g4 Qxe3+ 13. Qe2 Qxe2+ 14. Ngxe2
Bg6 15. f5 O-O-O 16. Kd2 Bxf5 17. Bxf5 1-0

[Event "Int. Stuttgarter Stadtmeisterschaft A"]
[Site "Ditzingen"]
[Date "2016.05.05"]
[Round "1.2"]
[White "Jurasin, Marin"]
[Black "Ikonnikov, Vyacheslav"]
[Result "0-1"]
[WhiteElo "2039"]
[BlackElo "2545"]
[PlyCount "56"]
[EventDate "2016.??.??"]
[WhiteTeam "SG Schönbuch"]
[BlackTeam "SF Bad Mergentheim"]

1. Nf3 Nf6 2. c4 e6 3. Nc3 Bb4 4. g3 O-O 5. a3 Bxc3 6. dxc3 d6 7. Bg2 a5 8. a4
h6 9. O-O e5 10. c5 e4 11. Nd2 d5 12. c4 e3 13. fxe3 dxc4 14. Nxc4 Qe7 15. b3
Nc6 16. Bxc6 bxc6 17. Bb2 Ne4 18. Qd4 f6 19. Rf4 Ng5 20. Rh4 Rd8 21. Qc3 Qxc5
22. Ba3 Qd5 23. e4 Nxe4 24. Qf3 Re8 25. e3 Ng5 26. Qh5 Bb7 27. Rf4 c5 28. e4
Qd4+ 0-1

[Event "Int. Stuttgarter Stadtmeisterschaft A"]
[Site "Ditzingen"]
[Date "2016.05.05"]
[Round "1.3"]
[White "Maiorov, Nikita"]
[Black "Kasüschke, Lars"]
[Result "1-0"]
[WhiteElo "2538"]
[BlackElo "2013"]
[PlyCount "51"]
[EventDate "2016.??.??"]
[BlackTeam "SG Schwäbisch Gmünd"]

1. c4 c5 2. Nc3 Nc6 3. Nf3 g6 4. g3 Bg7 5. Bg2 Nf6 6. O-O O-O 7. d4 cxd4 8.
Nxd4 Nxd4 9. Qxd4 d6 10. Qd3 Rb8 11. Bf4 b6 12. Rac1 Bb7 13. e4 Nd7 14. Qe2 Nc5
15. Rfd1 Qe8 16. Nd5 Ne6 17. Be3 Bxd5 18. cxd5 Nc5 19. b4 Na4 20. Qa6 Nc3 21.
Rd2 Qd7 22. Rdc2 Rbc8 23. Bd2 Rc7 24. Bxc3 Rfc8 25. Qd3 Qa4 26. Bh3 1-0

[Event "Int. Stuttgarter Stadtmeisterschaft A"]
[Site "Ditzingen"]
[Date "2016.05.05"]
[Round "1.4"]
[White "Pfrommer, Martin"]
[Black "Teske, Henrik"]
[Result "0-1"]
[WhiteElo "2013"]
[BlackElo "2487"]
[PlyCount "82"]
[EventDate "2016.??.??"]
[WhiteTeam "SV Schorndorf"]
[BlackTeam "SC Remagen"]

1. e4 c5 2. Nf3 g6 3. Bc4 Bg7 4. c3 Nc6 5. d4 Na5 6. Be2 b6 7. O-O Bb7 8. d5
Nf6 9. Nbd2 O-O 10. b4 cxb4 11. cxb4 Nxd5 12. exd5 Bxa1 13. bxa5 Bxd5 14. Nb3
Bxb3 15. Qxb3 bxa5 16. Bd2 Bf6 17. Qa4 d5 18. Bxa5 Qd6 19. Rd1 Rab8 20. Nd2 Qe6
21. Bf3 Qa6 22. Nb3 e6 23. Qf4 Bg7 24. Qd2 Rfc8 25. Be2 Qc6 26. Bd3 Bc3 27.
Bxc3 Qxc3 28. f4 Qf6 29. g3 Rc3 30. Qf2 Qe7 31. Qd4 Rcc8 32. h4 Rb4 33. Qf2 Rc3
34. Qb2 Qc7 35. Qe2 a5 36. Qd2 a4 37. Nc1 Rd4 38. Qe3 Rxc1 39. Rxc1 Rxd3 40.
Qe1 Qb6+ 41. Kh2 Qe3 0-1

[Event "Int. Stuttgarter Stadtmeisterschaft A"]
[Site "Ditzingen"]
[Date "2016.05.05"]
[Round "1.5"]
[White "Schröder, Kevin"]
[Black "Hoeschele, Hans-Ulrich"]
[Result "1-0"]
[WhiteElo "2361"]
[BlackElo "2012"]
[PlyCount "109"]
[EventDate "2016.??.??"]
[WhiteTeam "SC Hansa Dortmund"]
[BlackTeam "Stuttgarter SF"]

1. e4 e5 2. Nf3 Nc6 3. Bb5 a6 4. Ba4 Nf6 5. Qe2 b5 6. Bb3 Be7 7. d4 d6 8. a4
Rb8 9. axb5 axb5 10. d5 Nd4 11. Nxd4 exd4 12. c3 dxc3 13. Nxc3 Bd7 14. Na2 O-O
15. Nb4 Re8 16. O-O Ra8 17. Bd2 Bf8 18. f3 c5 19. dxc6 Bxc6 20. Rac1 Bd7 21.
Bg5 Re5 22. Qd2 h6 23. Be3 Be8 24. Rfd1 Rc8 25. Rxc8 Qxc8 26. Bd4 Rg5 27. Bxf6
gxf6 28. Nd5 Qc5+ 29. Kh1 Kg7 30. Rc1 Qa7 31. h4 Rg6 32. Nf4 h5 33. Nxg6 fxg6
34. Qd5 Kh6 35. Rd1 Bg7 36. Qxd6 Bf7 37. Bxf7 Qxf7 38. g3 Qc4 39. Qd3 Qc5 40.
Kg2 Kh7 41. Qc3 Qa7 42. Qb3 Qb7 43. Rd5 b4 44. Qc4 Qe7 45. Qc5 Qe6 46. Qd6 Qf7
47. Qxb4 f5 48. Qd2 fxe4 49. fxe4 Qb7 50. b4 Qe7 51. Qe2 Qxb4 52. Rd7 Qa4 53.
Rb7 Qc6 54. Qb2 Qxe4+ 55. Kh2 1-0

[Event "Int. Stuttgarter Stadtmeisterschaft A"]
[Site "Ditzingen"]
[Date "2016.05.05"]
[Round "1.6"]
[White "Syed, Tareq"]
[Black "Wenninger, Philipp"]
[Result "0-1"]
[WhiteElo "2010"]
[BlackElo "2352"]
[PlyCount "94"]
[EventDate "2016.??.??"]
[WhiteTeam "SC Brett vorm Kopp"]
[BlackTeam "SC Erlangen"]

1. d3 d5 2. e4 c6 3. Nd2 e5 4. Ngf3 Bd6 5. d4 exd4 6. Bd3 Ne7 7. O-O Bg4 8. Re1
Nd7 9. exd5 Ne5 10. Be2 Nxf3+ 11. Bxf3 Bxf3 12. Nxf3 O-O 13. Bg5 f6 14. Bh4 Nf5
15. Bg3 Bxg3 16. hxg3 Qxd5 17. g4 Nh6 18. Qxd4 Qxd4 19. Nxd4 Nxg4 20. Ne6 Rf7
21. Rad1 Re8 22. Nd8 Rfe7 23. Rxe7 Rxe7 24. f3 Ne5 25. Rd4 Kf8 26. Rb4 b6 27.
f4 Ng4 28. g3 c5 29. Ra4 Ke8 30. Nc6 Re1+ 31. Kg2 a5 32. Nxa5 bxa5 33. Rxa5 c4
34. Rc5 f5 35. b4 Re2+ 36. Kf1 Rxc2 37. a4 Ra2 38. a5 Ne3+ 39. Kg1 Kd7 40. Re5
c3 41. Rxe3 Ra1+ 42. Kg2 c2 43. Rd3+ Ke7 44. Re3+ Kf7 45. Rc3 c1=Q 46. Rxc1
Rxc1 47. a6 Rb1 0-1

[Event "Int. Stuttgarter Stadtmeisterschaft A"]
[Site "Ditzingen"]
[Date "2016.05.05"]
[Round "1.7"]
[White "Niklasch, Oliver"]
[Black "Wirth, Steffen"]
[Result "1-0"]
[WhiteElo "2319"]
[BlackElo "2001"]
[PlyCount "35"]
[EventDate "2016.??.??"]
[WhiteTeam "SK Schmiden/Cannstatt"]
[BlackTeam "SSV Zuffenhausen"]

1. g3 c5 2. Bg2 g6 3. Nf3 Nc6 4. O-O Bg7 5. e4 e5 6. d3 Nge7 7. Nc3 O-O 8. Nh4
d6 9. Be3 f5 10. Qd2 Nd4 11. exf5 Nexf5 12. Nxf5 Nxf5 13. Bg5 Bf6 14. Bxf6 Qxf6
15. Rae1 Be6 16. f4 Qg7 17. fxe5 dxe5 18. Qe2 1-0

[Event "Int. Stuttgarter Stadtmeisterschaft A"]
[Site "Ditzingen"]
[Date "2016.05.05"]
[Round "1.8"]
[White "Cummings, Nicolai"]
[Black "Flick, Antoine"]
[Result "0-1"]
[WhiteElo "1996"]
[BlackElo "2319"]
[PlyCount "44"]
[EventDate "2016.??.??"]
[WhiteTeam "SC Ingersheim"]
[BlackTeam "SC Heitersheim"]

1. d4 d5 2. c4 c6 3. Nf3 Nf6 4. Nc3 dxc4 5. a4 Bf5 6. Ne5 Nbd7 7. Nxc4 e6 8. f3
Bb4 9. e4 Bg6 10. Qb3 Qe7 11. Bf4 O-O 12. a5 b5 13. Ne5 Nxe5 14. Bxe5 Nd7 15.
Bf4 a6 16. Be2 c5 17. Be3 cxd4 18. Bxd4 Nc5 19. Qc2 Rfd8 20. Be3 f5 21. O-O
fxe4 22. Na2 exf3 0-1

[Event "Int. Stuttgarter Stadtmeisterschaft A"]
[Site "Ditzingen"]
[Date "2016.05.05"]
[Round "1.9"]
[White "Kabisch, Thilo"]
[Black "Pfeifer, Wilfried"]
[Result "1-0"]
[WhiteElo "2309"]
[BlackElo "1995"]
[PlyCount "65"]
[EventDate "2016.??.??"]
[WhiteTeam "SK Schmiden/Cannstatt"]
[BlackTeam "TSF Ditzingen"]

1. e4 c6 2. d4 d5 3. Nc3 dxe4 4. Nxe4 Nf6 5. Ng5 Bg4 6. f3 Bf5 7. Bc4 e6 8. g4
Bg6 9. Ne2 Bd6 10. Be3 h5 11. gxh5 Bxh5 12. Qd2 Nd5 13. f4 Nd7 14. O-O-O N7f6
15. Rde1 Qc7 16. Rhf1 O-O-O 17. h3 c5 18. Bxd5 Nxd5 19. Nc3 Nxe3 20. Qxe3 Bg6
21. d5 exd5 22. Nxd5 Qa5 23. a3 Rhe8 24. Qxe8 Rxe8 25. Rxe8+ Kd7 26. Re3 c4 27.
Rd1 Kc6 28. h4 Bh5 29. Rd2 Qc5 30. Ne4 Bxf4 31. Nxc5 Bxe3 32. Nxe3 Kxc5 33.
Rd5+ 1-0

[Event "Int. Stuttgarter Stadtmeisterschaft A"]
[Site "Ditzingen"]
[Date "2016.05.05"]
[Round "1.10"]
[White "Marzev, Ivan"]
[Black "Tuncer, Ufuk"]
[Result "0-1"]
[WhiteElo "1991"]
[BlackElo "2292"]
[PlyCount "102"]
[EventDate "2016.??.??"]
[WhiteTeam "SG Ludwigsburg"]
[BlackTeam "SK Sontheim/Brenz"]

1. c4 Nf6 2. d4 g6 3. Nc3 Bg7 4. Nf3 O-O 5. e4 d6 6. h3 c6 7. Be2 a6 8. Qb3
Nfd7 9. Bg5 h6 10. Bh4 Qe8 11. O-O e5 12. dxe5 dxe5 13. Qa3 f5 14. Be7 Rf7 15.
Bd6 Bf8 16. Rad1 Kg7 17. exf5 gxf5 18. Nh4 Rf6 19. Rd3 e4 20. Rg3+ Kh7 21. Nxf5
Rxf5 22. Nxe4 Ne5 23. Bd3 Nbd7 24. f4 Nxd3 25. Qxd3 Kh8 26. Qc3+ Kh7 27. Re1
Qf7 28. Bxf8 Nxf8 29. Nd6 Qf6 30. Nxf5 Qxc3 31. Rxc3 Bxf5 32. g4 Be6 33. f5 Bf7
34. Re7 Kg7 35. Rxb7 Rd8 36. Re3 Kf6 37. Rb6 Rd6 38. c5 Rd1+ 39. Kf2 Bd5 40.
Rxa6 Rd2+ 41. Re2 Rxe2+ 42. Kxe2 Bc4+ 43. Ke3 Bxa6 44. Kf4 Bc4 45. h4 Bxa2 46.
g5+ hxg5+ 47. hxg5+ Ke7 48. Ke5 Nd7+ 49. Kd4 Bb3 50. Kc3 Ba4 51. b4 Ne5 0-1

[Event "Int. Stuttgarter Stadtmeisterschaft A"]
[Site "Ditzingen"]
[Date "2016.05.05"]
[Round "1.11"]
[White "Neyman, Igor"]
[Black "Reichenbächer, Thomas"]
[Result "1-0"]
[WhiteElo "2262"]
[BlackElo "1990"]
[PlyCount "109"]
[EventDate "2016.??.??"]
[WhiteTeam "Stuttgarter SF"]
[BlackTeam "SVG Konstanz"]

1. d4 d5 2. Nf3 Nf6 3. c4 e6 4. Nc3 Be7 5. Bg5 h6 6. Bh4 Ne4 7. Bxe7 Qxe7 8. e3
Nd7 9. Qc2 Nxc3 10. Qxc3 c6 11. Bd3 dxc4 12. Bxc4 Nb6 13. Be2 Nd5 14. Qc2 Qb4+
15. Nd2 O-O 16. O-O Bd7 17. Bf3 Rad8 18. a3 Qe7 19. b4 Be8 20. Qb2 a6 21. Nc4
f6 22. Rfd1 Bf7 23. Rac1 Rfe8 24. g3 f5 25. Ne5 Rc8 26. Rc5 Red8 27. Rdc1 Be8
28. a4 Qf8 29. b5 axb5 30. axb5 Rd6 31. bxc6 Bxc6 32. Nc4 Rdd8 33. Na5 Ne7 34.
Nxc6 Nxc6 35. Qxb7 Ne7 36. Qa6 Kf7 37. d5 exd5 38. Rxc8 Nxc8 39. Rc7+ Kg8 40.
Qe6+ Kh8 41. Bxd5 Nd6 42. Kg2 Kh7 43. h4 Re8 44. Qd7 Ne4 45. Bf7 Re5 46. h5 Nd6
47. Bg6+ Kh8 48. Ra7 Rc5 49. Qe7 Rc8 50. Qxf8+ Rxf8 51. Rd7 Ne4 52. Rd5 Rb8 53.
Rxf5 Kg8 54. Ra5 Kf8 55. Bxe4 1-0

[Event "Int. Stuttgarter Stadtmeisterschaft A"]
[Site "Ditzingen"]
[Date "2016.05.05"]
[Round "1.12"]
[White "Kast, Joannis"]
[Black "Ott, Florian"]
[Result "0-1"]
[WhiteElo "1985"]
[BlackElo "2255"]
[PlyCount "100"]
[EventDate "2016.??.??"]
[WhiteTeam "SK Jöhlingen"]
[BlackTeam "SC Forchheim"]

1. e4 c5 2. Nf3 d6 3. d4 cxd4 4. Nxd4 Nf6 5. f3 e5 6. Nb3 a5 7. Bg5 a4 8. Nc1
Be7 9. c4 Qb6 10. Qe2 Nc6 11. Be3 Nd4 12. Bxd4 exd4 13. Qc2 Nh5 14. Bd3 Bg5 15.
O-O Be3+ 16. Kh1 O-O 17. Ne2 Ra5 18. g4 Nf6 19. Ng3 g6 20. Nd2 Kg7 21. Kg2 h5
22. h3 Qc5 23. Rh1 Rh8 24. Ndf1 hxg4 25. hxg4 Rxh1 26. Kxh1 Bg5 27. Kg2 Bd7 28.
Qf2 Ra8 29. Rd1 Be6 30. Qe2 Rc8 31. b3 axb3 32. axb3 Nd7 33. Qb2 Bf6 34. Ne2
Rh8 35. Nfg3 Ne5 36. Qd2 Bxg4 37. fxg4 Nxg4 38. Rh1 Ne3+ 39. Kg1 Ra8 40. Kf2
Bg5 41. Qb2 Ng4+ 42. Kg2 Be3 43. Qb1 Qg5 44. b4 Ne5 45. c5 Qg4 46. Nxd4 Bxd4
47. Be2 Qf4 48. cxd6 Qf2+ 49. Kh3 Ra3 50. d7 Qxg3# 0-1

[Event "Int. Stuttgarter Stadtmeisterschaft A"]
[Site "Ditzingen"]
[Date "2016.05.05"]
[Round "1.13"]
[White "Baenziger, Fabian"]
[Black "Herold, Hansjoerg"]
[Result "1-0"]
[WhiteElo "2248"]
[BlackElo "1983"]
[PlyCount "87"]
[EventDate "2016.??.??"]
[BlackTeam "SV Böckingen"]

1. e4 e5 2. Nf3 Nf6 3. Nc3 Nc6 4. Bb5 Nd4 5. Bc4 Nxf3+ 6. Qxf3 d6 7. d3 Be7 8.
Rg1 Bg4 9. Qg3 O-O 10. h3 Bh5 11. Qe3 c6 12. g4 Bg6 13. Qf3 b5 14. Bb3 b4 15.
Ne2 d5 16. Ng3 dxe4 17. dxe4 Qd4 18. Nf5 Bxf5 19. exf5 Rfd8 20. g5 Ne4 21. Rg4
Nd2 22. Qe2 Nxb3 23. Rxd4 Nxd4 24. Qe4 Rac8 25. Be3 Nb5 26. Kf1 Rd5 27. f6 Bf8
28. fxg7 Kxg7 29. Kg2 Rcd8 30. Rf1 a5 31. c4 bxc3 32. bxc3 Nxc3 33. Qc4 Nb5 34.
Qxc6 R8d6 35. Qc8 Nd4 36. Rb1 Rd8 37. Qg4 R8d6 38. Rb7 Ne6 39. Qf5 Nd8 40. Rc7
Re6 41. Qe4 Rb5 42. Qa8 Re8 43. a4 Rb3 44. Rd7 1-0

[Event "Int. Stuttgarter Stadtmeisterschaft A"]
[Site "Ditzingen"]
[Date "2016.05.05"]
[Round "1.14"]
[White "Schallner, Marc"]
[Black "Dudek, Richard"]
[Result "1/2-1/2"]
[WhiteElo "1975"]
[BlackElo "2230"]
[PlyCount "43"]
[EventDate "2016.??.??"]
[WhiteTeam "SF Kornwestheim"]
[BlackTeam "SC Eppingen"]

1. e4 c6 2. d4 d5 3. Nd2 dxe4 4. Nxe4 Nd7 5. Bc4 Ngf6 6. Ng3 e6 7. Nf3 Be7 8.
O-O O-O 9. Re1 c5 10. c3 Nb6 11. Bd3 cxd4 12. Nxd4 Nbd5 13. Bc2 Bd7 14. Qd3 Qc7
15. Nh5 g6 16. Nxf6+ Bxf6 17. Bh6 Rfd8 18. Bb3 Bc6 19. Nxc6 Qxc6 20. Qf3 b5 21.
Bxd5 exd5 22. Rad1 1/2-1/2

[Event "Int. Stuttgarter Stadtmeisterschaft A"]
[Site "Ditzingen"]
[Date "2016.05.05"]
[Round "1.15"]
[White "Denisow, Jewgeny"]
[Black "Lehmann, Stefan"]
[Result "1-0"]
[WhiteElo "2222"]
[BlackElo "1903"]
[PlyCount "59"]
[EventDate "2016.??.??"]
[WhiteTeam "SG Schwäbisch Gmünd"]
[BlackTeam "Ssg Fils-Lauter"]

1. e4 e5 2. Nf3 Nc6 3. d4 exd4 4. Bc4 Nf6 5. Ng5 Ne5 6. Qxd4 Nxc4 7. Qxc4 d5 8.
exd5 Qxd5 9. Qe2+ Be6 10. O-O O-O-O 11. Nc3 Qc6 12. Nxe6 fxe6 13. Be3 a6 14. a4
Nd5 15. Rfd1 Bd6 16. Nb5 Kb8 17. Nd4 Qd7 18. Bg5 Rde8 19. c4 e5 20. Nb5 axb5
21. Rxd5 bxa4 22. Ra5 c6 23. R5xa4 Bc5 24. Be3 Bxe3 25. Qxe3 Kc7 26. Ra7 Qe6
27. Qc5 e4 28. Qa5+ Kc8 29. Qb6 Qd6 30. Qxb7+ 1-0

[Event "Int. Stuttgarter Stadtmeisterschaft A"]
[Site "Ditzingen"]
[Date "2016.05.05"]
[Round "1.16"]
[White "Zeh, Rolf"]
[Black "Schmidt, Tobias"]
[Result "0-1"]
[WhiteElo "1957"]
[BlackElo "2221"]
[PlyCount "128"]
[EventDate "2016.??.??"]
[WhiteTeam "SV Böckingen"]
[BlackTeam "SC Erdmannhausen"]

1. d4 d5 2. Nf3 Nf6 3. c4 e6 4. g3 Nc6 5. Bg2 Bb4+ 6. Bd2 a5 7. a3 Be7 8. O-O
O-O 9. Bc3 dxc4 10. Qa4 Qd7 11. Qxc4 b5 12. Qb3 Nd5 13. Rd1 a4 14. Qc2 Bb7 15.
e4 Nxc3 16. Nxc3 Na5 17. d5 Nb3 18. Rab1 Bc5 19. Bf1 Ra5 20. dxe6 Qxe6 21. Nd5
f5 22. Bd3 Bxd5 23. exd5 Qxd5 24. Nh4 Nd4 25. Qd2 Bb6 26. Bf1 Ra7 27. Bg2 Qc4
28. Kh1 Qf7 29. Qb4 c5 30. Qe1 Re7 31. Qf1 Rfe8 32. Re1 g6 33. Nf3 Qb3 34. Nxd4
cxd4 35. Red1 Re2 36. Re1 d3 37. Bf3 Rxe1 38. Rxe1 Rd8 39. Rd1 Kg7 40. Qe1 d2
41. Qe7+ Kg8 42. Kg2 Qc4 43. Qe5 Kf7 44. h4 Bd4 45. Qe2 Qxe2 46. Bxe2 Bxb2 47.
Bxb5 Rd4 48. Bxa4 Rxa4 49. Rxd2 Bxa3 50. Rd7+ Be7 51. Rb7 Ra2 52. Kf3 Ke6 53.
Rb5 Bd6 54. Kg2 Rc2 55. Rb3 Bc5 56. Rf3 Ke5 57. Rf4 h6 58. Rf3 Rd2 59. Kf1 Rb2
60. Kg2 g5 61. hxg5 hxg5 62. Kf1 g4 63. Rf4 Rb4 64. Rxb4 Bxb4 0-1

[Event "Int. Stuttgarter Stadtmeisterschaft A"]
[Site "Ditzingen"]
[Date "2016.05.05"]
[Round "1.17"]
[White "Krockenberger, Martin"]
[Black "Lüdke, Joshua"]
[Result "1-0"]
[WhiteElo "2208"]
[BlackElo "1934"]
[PlyCount "69"]
[EventDate "2016.??.??"]
[WhiteTeam "SK Schmiden/Cannstatt"]
[BlackTeam "SV Marbach"]

1. d4 d5 2. c4 c6 3. Nf3 Nf6 4. Nc3 dxc4 5. a4 Bf5 6. e3 e6 7. Bxc4 Bb4 8. O-O
O-O 9. Qe2 Bg6 10. Ne5 c5 11. Nxg6 hxg6 12. Na2 Ba5 13. dxc5 Nc6 14. Bb5 Nb4
15. Nxb4 Bxb4 16. c6 b6 17. b3 Qe7 18. Bb2 Ne4 19. Rfd1 Rfd8 20. Qc2 Nc5 21.
Rd4 a5 22. Rad1 Qc7 23. g3 Rxd4 24. exd4 Nd7 25. d5 exd5 26. Rxd5 Nc5 27. Bd4
Rc8 28. Bxc5 Bxc5 29. Rd7 Qe5 30. Bc4 Rxc6 31. Rxf7 Kh7 32. Rf4 Kh6 33. Rh4+
Kg5 34. Qd2+ Kf6 35. Rf4+ 1-0

[Event "Int. Stuttgarter Stadtmeisterschaft A"]
[Site "Ditzingen"]
[Date "2016.05.05"]
[Round "1.18"]
[White "Döring, Stefan"]
[Black "Aring, Gerd"]
[Result "0-1"]
[WhiteElo "1945"]
[BlackElo "2192"]
[PlyCount "118"]
[EventDate "2016.??.??"]
[WhiteTeam "SC Tamm"]
[BlackTeam "SV Nürtingen"]

1. f4 d5 2. Nf3 c5 3. e3 g6 4. d4 Bg7 5. c3 Nf6 6. Bd3 b6 7. O-O O-O 8. Ne5 Ba6
9. Bxa6 Nxa6 10. Qd3 Nc7 11. Bd2 Ne4 12. Be1 f6 13. Nf3 Qd6 14. Nbd2 Nxd2 15.
Qxd2 f5 16. Rd1 Rad8 17. Bh4 Bf6 18. Bg3 Ne8 19. Ne5 Qc7 20. Qe2 Nd6 21. Qf3
Ne4 22. Be1 e6 23. Qh3 Rde8 24. Qf3 b5 25. Qe2 Rb8 26. Bd2 a5 27. Rc1 Rfc8 28.
Rfd1 Rb7 29. a3 c4 30. Ra1 Rcb8 31. Be1 Kg7 32. Rdc1 h6 33. h3 Kh7 34. Kh2 Rg8
35. Rc2 Qd6 36. Qf3 Rbg7 37. Re2 Be7 38. Rc2 g5 39. Qh5 Nf6 40. Qf3 g4 41. hxg4
fxg4 42. Qf1 g3+ 43. Kg1 Ne4 44. Qf3 Rf8 45. Kf1 Bf6 46. Ng4 Rfg8 47. Nxf6+
Nxf6 48. Ke2 Qe7 49. Bd2 Qf7 50. Rh1 Qg6 51. Kd1 Ne4 52. Be1 Rf8 53. Qh5 Qf6
54. Qh4 Qg6 55. Qh5 Nd6 56. Qxg6+ Rxg6 57. Ke2 Ne4 58. Rh3 Rf5 59. Kf3 Ng5+ 0-1

[Event "Int. Stuttgarter Stadtmeisterschaft A"]
[Site "Ditzingen"]
[Date "2016.05.05"]
[Round "1.19"]
[White "Haas, Wilhelm"]
[Black "Haug, Siegmund"]
[Result "1-0"]
[WhiteElo "2191"]
[BlackElo "1937"]
[PlyCount "59"]
[EventDate "2016.??.??"]
[WhiteTeam "SC Erdmannhausen"]
[BlackTeam "SC Pforzheim"]

1. d4 d5 2. Nf3 e6 3. c4 c6 4. e3 f5 5. Nc3 Nf6 6. Bd3 Bd6 7. O-O O-O 8. b3 Ne4
9. Bb2 Bd7 10. Ne2 Be8 11. Nf4 Qe7 12. Be2 Nd7 13. Nd3 Kh8 14. Qc2 Bg6 15. Nf4
Bf7 16. Nd3 Bg6 17. Nfe5 Nxe5 18. dxe5 Bc7 19. a4 Rg8 20. f3 Ng5 21. Nf4 Be8
22. Nd3 Bb6 23. c5 Bc7 24. Bd4 Nf7 25. f4 Nh6 26. Nf2 g5 27. Nd3 Qg7 28. g3
gxf4 29. exf4 Ng4 30. Bxg4 1-0

[Event "Int. Stuttgarter Stadtmeisterschaft A"]
[Site "Ditzingen"]
[Date "2016.05.05"]
[Round "1.20"]
[White "Imhof, Thomas"]
[Black "Kröger, Fabian"]
[Result "0-1"]
[WhiteElo "1930"]
[BlackElo "2170"]
[PlyCount "76"]
[EventDate "2016.??.??"]
[WhiteTeam "SGem Vaihingen-Rohr"]
[BlackTeam "SC Kreut"]

1. g3 g6 2. Bg2 Bg7 3. Nf3 e5 4. d3 d5 5. O-O Ne7 6. e4 O-O 7. exd5 Nxd5 8. Re1
Re8 9. c3 Nc6 10. Nbd2 Nb6 11. Qc2 Be6 12. b4 a6 13. Ne4 Bd5 14. Nc5 Rb8 15.
Bb2 Nd7 16. Nxd7 Qxd7 17. a4 Rbd8 18. b5 Na5 19. Re3 e4 20. Nd4 exd3 21. Rxd3
Bxg2 22. Kxg2 Qd5+ 23. Kg1 axb5 24. axb5 Nc4 25. Rad1 Qh5 26. Qb3 Ne5 27. Re3
Ng4 28. Rxe8+ Rxe8 29. h4 Bxd4 30. cxd4 Nxf2 31. Rf1 Nh3+ 32. Kh1 Re6 33. d5
Re2 34. d6 Nf2+ 35. Kg1 Qc5 36. Kg2 Ng4+ 37. Kh3 Qf5 38. Rxf5 gxf5 0-1

[Event "Int. Stuttgarter Stadtmeisterschaft A"]
[Site "Ditzingen"]
[Date "2016.05.05"]
[Round "1.21"]
[White "Germer, Philipp"]
[Black "Martin, Dennis"]
[Result "0-1"]
[WhiteElo "2180"]
[BlackElo "1928"]
[PlyCount "82"]
[EventDate "2016.??.??"]
[WhiteTeam "SC Oberwinden"]
[BlackTeam "SK Rotenburg"]

1. e4 e6 2. d4 d5 3. e5 c5 4. c3 Nc6 5. Nf3 Bd7 6. a3 a5 7. Bd3 Qb6 8. O-O cxd4
9. cxd4 Nxd4 10. Nxd4 Qxd4 11. Qe2 Ne7 12. Nc3 Qb6 13. Nb5 Bxb5 14. Bxb5+ Nc6
15. Bd2 Be7 16. Rac1 O-O 17. Be3 d4 18. Bf4 Rfd8 19. Rfd1 Rd5 20. Bd3 Rad8 21.
Bc4 R5d7 22. Rd3 Bf8 23. Qe4 Rc8 24. Rh3 g6 25. Rb3 Qd8 26. Bd2 a4 27. Rh3 Bg7
28. f4 Na5 29. Bb5 Rxc1+ 30. Bxc1 Rc7 31. Bd2 Nc4 32. Bxc4 Rxc4 33. Qxb7 d3 34.
Qf3 Qd4+ 35. Qf2 Qxb2 36. Rxd3 Bf8 37. Be3 Rc1+ 38. Qf1 Rxf1+ 39. Kxf1 Bxa3 40.
Rd8+ Kg7 41. f5 Qb1+ 0-1

[Event "Int. Stuttgarter Stadtmeisterschaft A"]
[Site "Ditzingen"]
[Date "2016.05.05"]
[Round "1.22"]
[White "Lebiedz, Oliver"]
[Black "Gabriel, Robert"]
[Result "0-1"]
[WhiteElo "1914"]
[BlackElo "2176"]
[PlyCount "60"]
[EventDate "2016.??.??"]
[WhiteTeam "SK Rotenburg"]
[BlackTeam "Stuttgarter SF"]

1. e4 c5 2. Nf3 e6 3. d4 cxd4 4. Nxd4 Nf6 5. Nc3 Nc6 6. Be3 Bb4 7. Bd3 d5 8.
exd5 Nxd5 9. Nxc6 bxc6 10. Qg4 O-O 11. O-O Bxc3 12. bxc3 Nxe3 13. fxe3 g6 14.
h4 e5 15. Qg3 Qe7 16. h5 Kg7 17. Rab1 e4 18. Bc4 Qc5 19. h6+ Kxh6 20. Qh4+ Qh5
21. Qe7 Bf5 22. Rf4 f6 23. Rb7 Rad8 24. Be2 Rd1+ 25. Kf2 Rd2 26. Qxh7+ Kg5 27.
Qxh5+ gxh5 28. Rg7+ Kh6 29. Rxa7 Bg4 30. Rxg4 hxg4 0-1

[Event "Int. Stuttgarter Stadtmeisterschaft A"]
[Site "Ditzingen"]
[Date "2016.05.05"]
[Round "1.23"]
[White "Braun, Joachim"]
[Black "Wohlfahrt, Michael"]
[Result "1-0"]
[WhiteElo "2165"]
[BlackElo "1909"]
[PlyCount "85"]
[EventDate "2016.??.??"]
[WhiteTeam "SF Birkenfeld"]
[BlackTeam "TSF Welzheim"]

1. e4 c5 2. Nf3 Nc6 3. Bb5 e6 4. Bxc6 bxc6 5. O-O d5 6. d3 Nf6 7. e5 Nd7 8. c4
Be7 9. Re1 O-O 10. Nc3 Nb6 11. Qe2 a5 12. a4 Ba6 13. b3 Rb8 14. Ba3 Qc7 15. Nd2
Nd7 16. f4 f5 17. exf6 Rxf6 18. g3 Bd6 19. Bb2 Rg6 20. Kh1 Rf8 21. Rf1 Bc8 22.
Nf3 Qb8 23. Rab1 Nb6 24. Nd1 Nd7 25. Nf2 d4 26. Ne4 Re8 27. Ba3 Bf8 28. Qd2 Qa7
29. Ne5 Nxe5 30. fxe5 Be7 31. Qf4 Rf8 32. Qxf8+ Bxf8 33. Rxf8+ Kxf8 34. Bxc5+
Qxc5 35. Nxc5 Rg5 36. Re1 Ke7 37. Re4 h5 38. Kg2 Rf5 39. h3 Kf7 40. g4 Rg5 41.
Kg3 Kg6 42. Kf4 Kh6 43. Rxd4 1-0

[Event "Int. Stuttgarter Stadtmeisterschaft A"]
[Site "Ditzingen"]
[Date "2016.05.05"]
[Round "1.24"]
[White "Frühsorger, Dieter"]
[Black "Hüttig, Michael"]
[Result "0-1"]
[WhiteElo "1907"]
[BlackElo "2164"]
[PlyCount "58"]
[EventDate "2016.??.??"]
[WhiteTeam "SK Schwäbisch Hall"]
[BlackTeam "SC Erdmannhausen"]

1. e4 e5 2. Nf3 Nc6 3. Bb5 a6 4. Bxc6 dxc6 5. O-O f6 6. d4 exd4 7. Nxd4 c5 8.
Nb3 Qxd1 9. Rxd1 Bg4 10. f3 Be6 11. Be3 b6 12. Nc3 Bd6 13. Rd2 O-O-O 14. Rad1
Ne7 15. Ne2 g5 16. f4 Bg4 17. Rf1 Ng6 18. fxg5 Ne5 19. h3 Nc4 20. hxg4 Nxe3 21.
Rf3 Nxg4 22. gxf6 c4 23. Nbd4 c5 24. c3 Bh2+ 25. Kh1 Be5 26. f7 cxd4 27. cxd4
Rhf8 28. Rc2 Bxd4 29. Rxc4+ Bc5 0-1

[Event "Int. Stuttgarter Stadtmeisterschaft A"]
[Site "Ditzingen"]
[Date "2016.05.05"]
[Round "1.25"]
[White "Shahin, Walid"]
[Black "Schnepel, Thomas"]
[Result "1-0"]
[WhiteElo "2140"]
[BlackElo "1907"]
[PlyCount "63"]
[EventDate "2016.??.??"]
[WhiteTeam "SK Weilheim"]
[BlackTeam "SC Pforzheim"]

1. d4 Nf6 2. c4 e6 3. Nf3 c5 4. g3 cxd4 5. Nxd4 Bc5 6. Nb3 Bb6 7. Bg2 Nc6 8.
O-O d5 9. cxd5 exd5 10. Bg5 Be6 11. Nc3 h6 12. Bxf6 Qxf6 13. Nxd5 Bxd5 14. Qxd5
O-O 15. Qb5 Qxb2 16. e3 Rac8 17. Rfd1 Rfe8 18. Rd2 Qf6 19. Rad1 Rc7 20. a4 Rce7
21. a5 Re5 22. Rd5 Rxd5 23. Rxd5 Bd8 24. Rf5 Qb2 25. Bxc6 bxc6 26. Qxc6 Qb1+
27. Kg2 Re6 28. Qd5 Qe4+ 29. Qxe4 Rxe4 30. Rb5 Kf8 31. Rb8 Re8 32. Ra8 1-0

[Event "Int. Stuttgarter Stadtmeisterschaft A"]
[Site "Ditzingen"]
[Date "2016.05.05"]
[Round "1.26"]
[White "Weis, Olga"]
[Black "Schulte, Torsten"]
[Result "0-1"]
[WhiteElo "1902"]
[BlackElo "2139"]
[PlyCount "62"]
[EventDate "2016.??.??"]
[WhiteTeam "OSG Baden-Baden"]

1. e4 e5 2. Nf3 Nc6 3. Bc4 Nf6 4. d3 h6 5. c3 d6 6. Bb3 g6 7. Nbd2 Bg7 8. Nf1
O-O 9. Ne3 Bd7 10. O-O Kh7 11. Bc2 Qe7 12. Re1 Rae8 13. Nd5 Qd8 14. Be3 Ng4 15.
h3 Nxe3 16. fxe3 Ne7 17. Rf1 Nxd5 18. exd5 f5 19. e4 f4 20. d4 g5 21. dxe5 dxe5
22. Nh2 Qf6 23. Kh1 Qg6 24. Qe2 h5 25. Bd1 f3 26. Rxf3 g4 27. hxg4 hxg4 28. Rg3
Rf4 29. Nxg4 Rxe4 30. Qc2 Re1+ 31. Kh2 Qxc2 0-1